Statistics for Top 15 Countries with Covid-19 Cases - 29 December

Click here to take the quiz!

General Stats

  • This quiz has been taken 7 times
  • The average score is 18 of 29

Answer Stats

country% Correct
France
100%
Germany
100%
Russia
100%
Spain
100%
United Kingdom
100%
United States
100%
Argentina
86%
Brazil
86%
India
86%
Italy
86%
Mexico
86%
Turkey
71%
Colombia
57%
Czechia
57%
Iran
57%
Poland
57%
Switzerland
57%
Bahrain
43%
Belgium
43%
Croatia
43%
Israel
43%
Lithuania
43%
Qatar
43%
Armenia
29%
Georgia
29%
Netherlands
29%
Panama
29%
Sweden
29%
Slovenia
14%

Score Distribution

Percentile by Number Answered

Percent of People with Each Score

Your Score History

You have not taken this quiz